Automated fingerprint identification systems (AFIS)
While other references exist with regard to fingerprint classification and the process of collecting fingerprints, no other single work exists which reviews this important identification process from beginning to end!
保存先:
| 第一著者: | |
|---|---|
| フォーマット: | 図書 |
| 言語: | Undetermined |
| 出版事項: |
Amsterdam
Elsevier Academic
2005
|
| 主題: | |
| タグ: |
タグ追加
タグなし, このレコードへの初めてのタグを付けませんか!
|
| Thư viện lưu trữ: | Trung tâm Học liệu Trường Đại học Cần Thơ |
|---|
| LEADER | 00955nam a2200217Ia 4500 | ||
|---|---|---|---|
| 001 | CTU_157803 | ||
| 008 | 210402s9999 xx 000 0 und d | ||
| 020 | |c 86.95 | ||
| 082 | |a 363.258 | ||
| 082 | |b K75 | ||
| 100 | |a Komarinski, Peter | ||
| 245 | 0 | |a Automated fingerprint identification systems (AFIS) | |
| 245 | 0 | |c Peter Komarinski ; with contributions by Peter T. Higgins and Kathleen M. Higgins, Lisa K. Fox | |
| 260 | |a Amsterdam | ||
| 260 | |b Elsevier Academic | ||
| 260 | |c 2005 | ||
| 520 | |a While other references exist with regard to fingerprint classification and the process of collecting fingerprints, no other single work exists which reviews this important identification process from beginning to end! | ||
| 650 | |a Fingerprints,Dấu vân tay | ||
| 650 | |x Identification,Data processing,Giấy chứng minh,Xử lý dữ liệu | ||
| 904 | |i Trọng Hải | ||
| 980 | |a Trung tâm Học liệu Trường Đại học Cần Thơ | ||